000 01188nam a2200217Ia 4500
003 OSt
005 20211102104019.0
008 210310s2000 cl ab fr 000 0 spa d
040 _aCO-JMCR
_cCO-JMCR
041 0 _aspa
082 0 4 _a338.946 /
_bA345a
_223
100 1 _aAlburquerque Llorens, Francisco,
_917766
_eautor
245 1 4 _aLas agencias de desarrollo regional y la promoción del desarrollo local en el estado español /
_cFrancisco Alburquerque Llorens
260 _aSantiago de Chile :
_bComisión Económica para América Latina y el Caribe,
_c2000
300 _aiii, 50 páginas :
_bilustraciones y mapas a blanco y negro ;
_c28 cm.
490 0 _aProyecto Cepal/GTZ "Desarrollo económico local y descentralización en América Latina"
504 _aBibliografía: páginas 41-42
505 0 _aLas políticas de fomento productivo y desarrollo empresarial: lecciones de la experiencia europea -- La política de desarrollo empresarial en la comunidad valenciana -- La política de innovación empresaria en la comunidad autónoma de Castilla y León -- Modelo de desarrollo comarcal en Galicia --
650 1 4 _aDesarrollo empresarial
_917768
_zEspaña
942 _2ddc
_cBK
999 _c8607
_d8607